Normal view
MARC view
- الخسارات البحرية - القانون البحري - الفقة الاسلامي
Entry Topical Term
001 - CONTROL NUMBER
- control field: 46428
003 - CONTROL NUMBER IDENTIFIER
- control field: JO-AjAnu
005 - DATE AND TIME OF LATEST TRANSACTION
- control field: 20230606081655.0
008 - FIXED-LENGTH DATA ELEMENTS
- fixed length control field: 230606|| aca||aabn | a|a d
040 ## - CATALOGING SOURCE
- Original cataloging agency: JO-AjAnu
- Transcribing agency: JO-AjAnu
150 ## - HEADING--TOPICAL TERM
- Topical term or geographic name entry element: الخسارات البحرية - القانون البحري - الفقة الاسلامي
670 ## - SOURCE DATA FOUND
- Source citation: Work cat.: (JO-AjAnu)23764: اللصاصمة، حسن حرب, author 46427, تسوية الخسائر البحرية المشتركة في الفقة الإسلامي والقانون البحري الدولي: دراسة مقارنة